Sports Quiz

Random Sports or NBA Quiz

NBA Top Scorer by Age Quiz Stats

 Plays Quiz Updated Mar 9, 2018

Challenge
Share
Tweet
Embed
Score 0/123 Timer 09:00
60 Plays Today
% Correct
Kobe Bryant
97.7%
Kobe Bryant
97.7%
Kobe Bryant
97.7%
Kobe Bryant
97.7%
Kobe Bryant
97.7%
Kobe Bryant
97%
Kobe Bryant
97%
LeBron James
95.7%
LeBron James
95.7%
LeBron James
95.7%
Michael Jordan
94.5%
Michael Jordan
94.5%
Michael Jordan
94.5%
Michael Jordan
94.5%
Michael Jordan
94.5%
Michael Jordan
94.5%
Michael Jordan
94.5%
Michael Jordan
94.5%
Michael Jordan
94.5%
Michael Jordan
94.5%
Michael Jordan
94.5%
Michael Jordan
94.5%
Michael Jordan
93.8%
Kobe Bryant
89.7%
Shaquille O'Neal
86.7%
Shaquille O'Neal
86.7%
Shaquille O'Neal
86.7%
Kevin Durant
86.6%
Kevin Durant
86.6%
Kevin Durant
86.6%
Jermaine O'Neal
84.6%
Karl Malone
81.7%
Karl Malone
81.7%
Karl Malone
81.7%
Karl Malone
81.7%
Karl Malone
81.7%
Karl Malone
81.7%
Karl Malone
81.7%
Moses Malone
81.1%
Karl Malone
81%
Karl Malone
81%
% Correct
Wilt Chamberlain
80.9%
Wilt Chamberlain
80.9%
Wilt Chamberlain
80.9%
Wilt Chamberlain
80.9%
Wilt Chamberlain
80.9%
Wilt Chamberlain
80.9%
Wilt Chamberlain
80.9%
Carmelo Anthony
80.9%
Carmelo Anthony
80.9%
Lew Alcindor
78.7%
Lew Alcindor
78.7%
Kareem Abdul-Jabbar
78.7%
Kareem Abdul-Jabbar
78.7%
Kareem Abdul-Jabbar
78.7%
Kareem Abdul-Jabbar
78.7%
Kareem Abdul-Jabbar
78.7%
Kareem Abdul-Jabbar
78.7%
Larry Bird
78.2%
Kareem Abdul-Jabbar
78%
Kareem Abdul-Jabbar
78%
Kareem Abdul-Jabbar
78%
Allen Iverson
75.9%
Allen Iverson
75.9%
Jerry West
72.5%
Jerry West
72.5%
Tracy McGrady
66.1%
John Stockton
62.2%
John Stockton
62.2%
Dominique Wilkins
58.8%
Dominique Wilkins
58.8%
Oscar Robertson
57.6%
Oscar Robertson
57.6%
Oscar Robertson
57.6%
Dirk Nowitzki
57.6%
Kevin Durant
52.1%
Robert Parish
47.2%
Robert Parish
47.1%
Robert Parish
46.7%
Robert Parish
46.7%
Robert Parish
46.7%
Robert Parish
46.7%
% Correct
George Gervin
45.7%
George Gervin
45.7%
Elgin Baylor
44.3%
Elgin Baylor
44.3%
Alex English
42.2%
Alex English
42.2%
Alex English
42.2%
Alex English
42.2%
Alex English
42.2%
Alex English
42.2%
Alex English
42.2%
Grant Hill
42%
John Havlicek
40.8%
John Havlicek
40.8%
John Havlicek
40.8%
John Havlicek
40.8%
Rick Barry
37.3%
Rick Barry
37.3%
Dale Ellis
35.5%
Dikembe Mutombo
34.8%
Dikembe Mutombo
34.8%
Bob Pettit
32.5%
Bob Pettit
32.5%
Bob Pettit
32.5%
Bob McAdoo
27.2%
Bob McAdoo
27.2%
Bob Cousy
27.2%
Elton Brand
26.3%
Stephon Marbury
22.7%
Adrian Dantley
21%
Adrian Dantley
21%
Kevin Willis
20.7%
Kevin Willis
20.7%
Kevin Willis
20.7%
Tiny Archibald
14.2%
Lenny Wilkens
9%
Johnny Green
7.6%
Andris Biedrins
7.4%
Artis Gilmore
7%
Walt Bellamy
6.5%
Bill Willoughby
2.6%

You're not logged in!

Compare scores with friends on all Sporcle quizzes.
Join for Free
OR
Log In

You Might Also Like...

Show Comments

Extras

Top Quizzes Today


Score Distribution

Your Account Isn't Verified!

In order to create a playlist on Sporcle, you need to verify the email address you used during registration. Go to your Sporcle Settings to finish the process.

Report this User

Report this user for behavior that violates our Community Guidelines.

Details: